| 000 | 01345nam a2200337 i 4500 | ||
|---|---|---|---|
| 003 | EG-GICUC | ||
| 005 | 20260121101545.0 | ||
| 008 | 251229s2010 ua ||||fr|||| 000 0 ara d | ||
| 017 | _a2009/13736 | ||
| 020 | _a977-379-098-7 | ||
| 040 |
_a EG-GICUC _bara _c EG-GICUC _d EG-GICUC _erda |
||
| 041 | 0 | _aara | |
| 082 | 0 | 4 |
_221 _a345.451 _bه ي . م |
| 092 | 0 | 4 | _221 |
| 099 | _aLaw1 07 345.451 ه ي . م 2010 | ||
| 100 | 0 |
_aهيثم حليم غازي _eمؤلف. |
|
| 245 | 1 | 0 |
_aمجالس التأديب ورقابة المحكمة الإدارية العليا عليها : _bدراسة تطبيقية / _cالدكتور هيثم حليم غازي. |
| 264 | 1 |
_aالإسكندرية : _bدار الفكر الجامعى، _c2010. |
|
| 300 |
_a693 صفحة ؛ _c24 سم. _bإيضاحيات، صور، مثيليات ؛ |
||
| 336 |
_2rda content _atext |
||
| 337 |
_2rda media _aComputer |
||
| 338 |
_2rda carrier _aOnline Resource |
||
| 504 | _a. 684-656 ببليوجرافيا: صفحات | ||
| 546 | _aالنص أغلبه باللغة العربية مع بعض النصوص الفرنسية | ||
| 650 | 1 | 4 |
_aتأديب رجال الشرطة _2qrmak |
| 650 | 1 | 4 |
_aالقانون الإدارى _2qrmak |
| 651 | 1 | _2qrmak | |
| 856 | 4 | 0 | _uhttps://fll.law.cu.edu.eg/fulltext/bks/B07-01648.pdf |
| 905 | _a79 | ||
| 942 |
_2ddc _cBK _e21 _n0 |
||
| 999 |
_c52955 _d52955 |
||